000 00437nam a22001697a 4500
005 20250328165327.0
008 250328b |||||||| |||| 00| 0 eng d
020 _a9789361383540
041 _aeng
082 _a332.082 PHI
100 _aWhittlesey, Charles R.
245 _aReadings In Money And Banking
260 _aDehli
_bLector House
_c2025
300 _a600;. pages: 23 cm
650 _aMoney; Banks and Banking
942 _cBK
999 _c43481
_d43481